000 00707nam a2200229 b 4500
001 00000000058124
003 OSt
005 20140826213002.0
008 020226s1968 esp 000 0 spa d
040 _aBU-BP
_cBMC
082 _a823.8
082 _a910.4
100 _aSlocum, Joshua
_9551
_d1844-1909
245 1 0 _aA bordo del "Spray"
_b : el primer viaje solitario alrededor del mundo en un velero (1896-1898)
_cJoshua Slocum ; [traducción de Miguel Pérez Ferrero]
250 _a2ª ed
260 _aMadrid
_bEspasa-Calpe
_c1968
300 _a213 p.
_c18 cm
490 _aAustral
_v532
650 _9524
_aLiteratura de viajes
700 _9552
_aPérez Ferrero, Miguel
_d1905-1978
942 _2ddc
_cBK
999 _c460
_d460